| 000 | 01001cam a2200325 a 4500 | ||
|---|---|---|---|
| 001 | 332471 | ||
| 003 | yeezen | ||
| 005 | 20250717160701.0 | ||
| 008 | 211005s2020 nyua e bf 001 0 eng | ||
| 010 | _a2019052183 | ||
| 020 |
_a9781684200238 _q(pbk.) |
||
| 020 |
_z9781684200245 _q(ebk.) |
||
| 035 | _a1758237 | ||
| 040 |
_aDNLM/DLC _beng _cDLC _dC5M |
||
| 042 | _anbic | ||
| 050 | 0 | 0 |
_aRD533 _b617.471 |
| 060 | 4 | _aWE17 | |
| 245 | 0 | 0 |
_aAtlas of full-endoscopic spine surgery / _c[edited by] Christoph P. Hofstetter ... [et al.] |
| 260 |
_aNew York : _bThieme, _c2020 |
||
| 300 |
_axiv, 140 p. : _bill. ; _c28 cm. |
||
| 504 | _aIncludes bibliographical references and index. | ||
| 520 | _cProvided by publisher. | ||
| 650 | 1 | 2 |
_aSpine _xsurgery. |
| 650 | 1 | 2 |
_aEndoscopy _xmethods. |
| 655 | 2 | _aAtlas. | |
| 655 | 2 | _aHandbook. | |
| 700 | 1 | _aHofstetter, Christoph P. | |
| 856 | 4 | 1 |
_uhttps://medone.thieme.com/ _zP+E電子書, 登入方式請參見紙本圖書內頁或ERMG |
| 942 |
_2NLM _cENGLIT |
||
| 999 |
_c7659 _d7659 |
||